Gorillaz - Fire Coming Out of the Monkey’s Head Lyrics - Statistics

General Stats
  • This quiz has been taken 58 times
  • The average score is 272 of 405
Answer Stats
Lyrics % Correct
A
97%
The
97%
In
94%
Monkey
94%
Of
94%
On
94%
Mountain
91%
No
91%
To
91%
Town
88%
Was
88%
And
84%
Call
84%
Folk
84%
Once
84%
Time
84%
Upon
84%
Where
84%
Called
81%
Great
81%
Happy
81%
Nothing
81%
People
81%
There
81%
At
78%
Live
78%
Then
78%
As
75%
Foot
75%
It
75%
Oh
75%
Strange
75%
Fire
72%
Had
72%
Little
72%
Lived
72%
Spoken
72%
When
72%
You
72%
All
69%
Be
69%
Lives
69%
Their
69%
They
69%
USA
69%
Come
66%
Why
66%
Every
66%
Into
66%
Known
66%
Out
66%
See
66%
So
66%
Were
66%
Dance
63%
Dark
63%
Day
63%
Dead
63%
Head
63%
One
63%
Rest
63%
Arrived
59%
Came
59%
Down
59%
Holes
59%
Mine
59%
Only
59%
Them
59%
With
59%
Bringing
56%
Darkness
56%
Deep
56%
For
56%
Now
56%
That
56%
Behind
53%
But
53%
Dancing
53%
Everybody
53%
First
53%
Hidden
53%
Me
53%
Shadows
53%
Shoot
53%
Soul
53%
Sound
53%
Space
53%
By
50%
Enough
50%
Found
50%
Going
50%
Good
50%
Home
50%
Souls
50%
Waiting
50%
World
50%
Blind
47%
Did
47%
Existence
47%
From
47%
Jump
47%
Sleep
47%
Spirit
47%
Stare
47%
Sunset
47%
Very
47%
Way
47%
Would
47%
Aeroplanes
44%
Appear
44%
Away
44%
Began
44%
Could
44%
Deeper
44%
Eyes
44%
Falling
44%
Fearful
44%
Grew
44%
Harmony
44%
Heard
44%
Knew
44%
Mined
44%
Noticed
44%
Saw
44%
Screams
44%
Without
44%
Distant
41%
Dreams
41%
Glasses
41%
Has
41%
Hiding
41%
Peaceful
41%
Place
41%
Soon
41%
Wind
41%
Caves
38%
Chaos
38%
Chilled
38%
Clouds
38%
Felt
38%
Figures
38%
Its
38%
Mystery
38%
Own
38%
Restlessly
38%
Shadowy
38%
Slept
38%
Truth
38%
Believe
34%
Bitter
34%
Chance
34%
Far
34%
Fueling
34%
Invaded
34%
Jewels
34%
Reaches
34%
Stir
34%
There's
34%
Camouflage
31%
Cold
31%
Excess
31%
Obscured
31%
Rich
31%
Violence
31%
Digging
28%
Here
28%
Meanwhile
28%
Played
28%
Stumbled
28%
Unimaginable
28%
Your
28%
Beauty
25%
Below
25%
Higher
25%
Immense
25%
Litany
25%
Sincerity
25%
These
25%
Wake
25%
Want
25%
Above
22%
Innocent
22%
Castrophany
19%
Coveted
19%
Things
19%
Seam
16%
Back
13%
No matching quizzes found
Score Distribution
Percent of People with Each Score
Percentile by Number Answered
Your Score History
You have not taken this quiz